书目信息 |
| 题名: |
并购法律尽职调查指引1. 0
|
|
| 作者: | 朱庆标 著 | |
| 分册: | ||
| 出版信息: | 北京 法律出版社 2016.07 |
|
| 页数: | 478页 | |
| 开本: | 26cm | |
| 丛书名: | ||
| 单 册: | ||
| 中图分类: | D912.290.4 | |
| 科图分类: | ||
| 主题词: | 法学--部门 | |
| 电子资源: | ||
| ISBN: | 7-5118-9548-4 | |
| 000 | 00577nam0 2200193 450 | |
| 001 | 1729535508 | |
| 005 | 20171212081340.08 | |
| 010 | @a7-5118-9548-4@dCNY78.00 | |
| 100 | @a20171212d2016 km y0chiy0120 ea | |
| 101 | 0 | @achi |
| 102 | @aCN@b110000 | |
| 200 | 1 | @a并购法律尽职调查指引1. 0@Abing gou fa lu jin zhi diao cha zhi yin 1.0@f朱庆标著@Fzhu qing biao zhu |
| 210 | @a北京@c法律出版社@d2016.07 | |
| 215 | @a478页@d26cm | |
| 606 | 0 | @a法学@x部门 |
| 690 | @aD912.290.4@v4 | |
| 701 | 0 | @a朱庆标@Azhu qing biao@4著 |
| 801 | 0 | @aCN@bMUSE@c20171212 |
| 905 | @aMUSE@dD912.290.4@eZ860 | |
| 并购法律尽职调查指引1. 0/朱庆标著.-北京:法律出版社,2016.07 |
| 478页;26cm |
| ISBN 7-5118-9548-4:CNY78.00 |
| ● |
| 相关链接 |
|
|
|
正题名:并购法律尽职调查指引1. 0
索取号:D912.290.4/Z860
 
预约/预借
| 序号 | 登录号 | 条形码 | 馆藏地/架位号 | 状态 | 备注 |
| 1 | 1237278 | 212372788 | 法学院资料室/ [索取号:D912.290.4/Z860] | 在馆 |